| 000 | 00491nam a2200181Ia 4500 | ||
|---|---|---|---|
| 999 |
_c43088 _d43088 |
||
| 003 | GCL | ||
| 005 | 20240530103851.0 | ||
| 008 | 140319s9999 xx 000 0 ara d | ||
| 040 |
_aGCL / _cGCL |
||
| 082 | 0 | 4 |
_a214.3 _bع ب |
| 245 | 1 | 0 | _aبحوث فى الاسلام والاجتماع |
| 490 |
_aكتاب _v0 |
||
| 650 | 0 | 4 | _aالسيرة النبوية |
| 650 | 0 | 4 | _aالاسلام والمجتمع |
| 650 | 0 | 4 | _aالاجتماع |
| 650 | 0 | 4 | _aالاسلام , علم |
| 942 |
_2ddc _cBK |
||